000
00333nam a2200133Ia 4500
008
240624s9999 xx 000 0 und d
041
_a
eng
082
_a
658.4092 LEV
100
_a
LEVY DAVID A
245
_a
52ND FLOOR THINKING DEEPLY ABOUT LEADERS
260
_c
2010
_a
USA
_b
Enso Books
300
_a
229 p.; 22 cm.
365
_c
_b
38
999
_c
28976
_d
28976